Implementing rules and regulations of R.A. 9593 otherwise known as the tourism act of 2009 / (Record no. 291435)
[ view plain ]
| 000 -LEADER | |
|---|---|
| fixed length control field | 00605nam a2200217Ia 4500 |
| 008 - FIXED-LENGTH DATA ELEMENTS--GENERAL INFORMATION | |
| fixed length control field | 160303s9999 xx 000 0 und d |
| 020 ## - INTERNATIONAL STANDARD BOOK NUMBER | |
| International Standard Book Number | 971-8961-44-5 |
| 050 ## - LIBRARY OF CONGRESS CALL NUMBER | |
| Classification number | FIL KPM 1030.3 |
| 050 ## - LIBRARY OF CONGRESS CALL NUMBER | |
| Item number | .A7I47 2010 |
| 245 ## - TITLE STATEMENT | |
| Title | Implementing rules and regulations of R.A. 9593 otherwise known as the tourism act of 2009 / |
| 260 ## - PUBLICATION, DISTRIBUTION, ETC. (IMPRINT) | |
| Place of publication, distribution, etc | Manila: |
| 260 ## - PUBLICATION, DISTRIBUTION, ETC. (IMPRINT) | |
| Name of publisher, distributor, etc | A.V.P Printing Press, |
| 260 ## - PUBLICATION, DISTRIBUTION, ETC. (IMPRINT) | |
| Date of publication, distribution, etc | 2010 |
| 300 ## - PHYSICAL DESCRIPTION | |
| Extent | 178 pages : |
| 300 ## - PHYSICAL DESCRIPTION | |
| Other physical details | illustrations ; |
| 300 ## - PHYSICAL DESCRIPTION | |
| Dimensions | 22 cm. |
| 650 ## - SUBJECT ADDED ENTRY--TOPICAL TERM | |
| Topical term or geographic name as entry element | Law -- |
| 650 ## - SUBJECT ADDED ENTRY--TOPICAL TERM | |
| Topical term or geographic name as entry element | Tourism -- |
| 650 ## - SUBJECT ADDED ENTRY--TOPICAL TERM | |
| General subdivision | Law and legislation -- Philippines. |
| 650 ## - SUBJECT ADDED ENTRY--TOPICAL TERM | |
| General subdivision | Philippines |
| Withdrawn status | Lost status | Damaged status | Home library | Current library | Shelving location | Date acquired | Cost, normal purchase price | Total Checkouts | Full call number | Barcode | Date last seen | Price effective from | Koha item type |
|---|---|---|---|---|---|---|---|---|---|---|---|---|---|
| South Mansfield College | South Mansfield College | Filipiniana Section | 02/14/2011 | 450.00 | FIL KPM 1030.3 .I47 2010 | SMC05447 | 03/03/2016 | 03/03/2016 |